=LDR 00000nam 2200000 4500 =001 INLIS000000000025670 =005 20130612124148 =008 ***********************************ind** =035 ##$$0010-061300000025670 =041 ##$$a ind =082 ##$$a 410.7 =090 ##$$a 410.7, SUB p =100 ##$$a Subroto, D.Edi =245 ##$$a Pengantar metoda penelitian linguistik struktural, D.Edi Subroto =260 ##$$a 1992 $b Surakarta =300 ##$$a vi, 93 hlm., 23 cm =650 ##$$a Stuktur Bahasa =850 ##$$a NBPNMAT